000 00324pab a2200121 454500
008 180718b xxu||||| |||| 00| 0 eng d
100 _aSharma, R.K.
245 _aSlow - down of urbanisation in India a cause for concern
650 _a Urbanisation
650 _aCities and Towns
773 _aFinancial Express
909 _a22524
999 _c22524
_d22524